000 00645nam a2200193Ia 4500
003 GCL
008 140319s9999 xx 000 0 ara d
040 _aGCL /
_cGCL
082 0 4 _a910.02
_bج ج
100 1 _aجودة حسنين جودة
245 1 0 _aجغرافية البحار والمحيطات /
_cجودة حسنين جودة
300 _a530 ص
490 _aالهيئة العامة للاستعلامات
_v0
650 0 4 _aالجغرافيا الطبيعية
650 0 4 _aالبحار والمحيطات
650 0 4 _aاعماق البحار
650 0 4 _aالجغرافيا الطبيعية البحرية
942 _2ddc
_cBK
999 _c47678
_d47678